000 00502nam a2200169Ia 4500
003 LK-CoDNM
008 010623t2006 xxu||||| |||| 00| 1 sin d
040 _aLK-CoDNM
_dLK-CoDNM
_eLK-CoDNM
041 _asin
080 _a398
_bHEM
100 _aHemaloka himi,Urapola
_etr.
245 _aග්‍රීම් සොහොයුරන්ගේ සුරංගනා කථා
246 _aGim Sohourange Surangana Katha
260 _bGunasena
_aColombo
_c2006
300 _b282p, 18 cm
942 _cBK
999 _c125686
_d125686